| 000 | 01000nam0a22002771 4500 | ||
|---|---|---|---|
| 001 | rc\4087405 | ||
| 005 | 20260405220532.0 | ||
| 021 |
_aRU _b[47-18615] |
||
| 035 | _a(NLR Aleph) 008129821 | ||
| 090 |
_a9416624 _c9416624 |
||
| 100 | _a20130415d1947 |||y0rusy50 ca | ||
| 101 | 0 | _arus | |
| 102 | _aRU | ||
| 105 | _ay z ||||| | ||
| 200 | 1 |
_aЧарджоу-Кунград _e(С блокнотом по трассе) |
|
| 210 |
_aТашкент _cГосиздат УзССР _d1947 _gтип. № 1 |
||
| 215 |
_a31 с. _d19 |
||
| 300 | _aПеред загл. авт.: Викторин Попов | ||
| 606 |
_aЖелезнодорожное строительство _yСредняя Азия _jОчерки _2psbo |
||
| 700 | 1 |
_8rus _7ca _aПопов _bВ. А. _cписатель _f1900-1949 _gВикторин Аркадьевич _3RU\NLR\AUTH\7798932 _981858 |
|
| 801 | 0 |
_aRU _bNLR _gpsbo |
|
| 801 | 1 |
_aRU _bELAR _2rusmarc |
|
| 852 |
_aNLR _jЭк60 Г-4/198 |
||
| 942 | _cBOOK | ||
| 980 | _aNB | ||